00273nam a2200097Ia 4500008004000000082001700040100001800057245004500075260004300120300001200163210210b1983 xxu||||| |||| 00| 0 eng d a338.954 PRAP aPRASAD (K N). aProblems of Indian economic development. aNDbSterling publishers pvt ltd.c1983 axiv,623